000 00964cam a2200289 i 4500
001 39382
003 Mx-PuUPA
005 20260312110312.0
008 140415s1955 mx a fr 001 0 eng d
040 _cMx-PuUPA
_aMx-PuUPA
_bspa
_dMx-PuUPA
_erda
041 0 _aeng
043 _an-mx---
100 1 _aBehrens, Helen,
_d1888-
_917799
_eautor
245 _aAmerica's treasure, the Virgin Mary de Guadalupe /
_cHelen Behrens
264 1 _aMéxico, D.F.:
_bCuria del Arzobispado de México,
_c1955
300 _a64 páginas :
_bilustraciones ;
_c18 cm
336 _2rdacontent
_atexto
_btxt
337 _2rdamedia
_asin medio
_bn
338 _2rdacarrier
_avolumen
_bnc
600 0 4 _aDiego, Juan,
_d1474 - 1548
_xApariciones
600 0 4 _aVirgen María
_xApariciones y milagros
600 0 4 _aNuestra Señora de Guadalupe
_zMéxico
650 7 _2armarc
_913986
942 _2ddc
_cLI
_h232.917
_iB45
999 _c39382
_d39382